Memòria de gestió 1995 / Consorci de les Drassanes de Barcelona
Descripción Física:
45 p. : il. ; 30 cm
MARC
| LEADER | 00000nam a2200000Ia 4500 | ||
|---|---|---|---|
| 001 | 14355 | ||
| 008 | 160829s9999 xx 000 0 cat d | ||
| 080 | |a FU-22-21 | ||
| 110 | 2 | |a Consorci de les Drassanes de Barcelona |9 55893 | |
| 245 | |a Memòria de gestió 1995 / Consorci de les Drassanes de Barcelona | ||
| 260 | |a [Barcelona] : |b el Consorci, DL 1996 | ||
| 300 | |a 45 p. : |b il. ; |c 30 cm | ||
| 650 | |a Consorci de les Drassanes de Barcelona |x Memòries |9 22388 | ||
| 901 | |a Arxiu | ||
| 942 | |n 1 | ||
| 952 | |0 0 |1 0 |4 0 |7 1 |9 42195 |a Arxiu |b Arxiu |d 2016-12-01 |h 1995 |o FU-22-21 |p 14355 |r 2016-12-01 00:00:00 |w 2016-12-01 |y ARXIU | ||
| 999 | |c 44642 |d 44642 | ||